| 000 | 03029nam a22003137i 4500 | ||
|---|---|---|---|
| 001 | TCPA 70 | ||
| 003 | gtcocun | ||
| 005 | 20250902231754.0 | ||
| 006 | a||||gr|||| 00| 0 | ||
| 008 | 250902b2018 gt ||||| m||| 00| 0 eng d | ||
| 040 |
_agtcocun _bSPA _cgtcocun _eRDA |
||
| 041 | _aSPA | ||
| 084 | _0TCPA 70 | ||
| 100 |
_aSandoval Tiul, Claudia Maribel _eAutor |
||
| 245 |
_aInforme final del Ejercicio Profesional Supervisado, realizado en Papelería Marlyn, ubicada en Cobán, Alta Verapaz/ _cClaudia Maribel Sandoval Tiul _hImpreso |
||
| 264 |
_aCobán, Alta Verapaz: _bUniversidad de San Carlos de Guatemala, Centro Universitario del Norte, Licenciatura en Contaduría Pública y Auditoría. _c2018 |
||
| 300 |
_a49 p.: _bIlustraciones, gráficas. _c28 cm; PDF |
||
| 336 |
_2rdacontenido _aTexto _btxt |
||
| 337 |
_2rdamedio _aComputadora _bn |
||
| 338 |
_2rdasoporte _aCódigo en línea _bcr |
||
| 502 | _e. | ||
| 502 |
_aTesis de grado _bLicenciatura en Contaduría Pública y Auditoría. _cUniversidad de San Carlos de Guatemala, Centro Universitario del Norte, Licenciatura en Contaduría Pública y Auditoría. _d2018 _oTCPA 70 |
||
| 520 | 1 | 4 | _aEl Centro Universitario del Norte (CUNOR), ofrece la carrera de Licenciatura en Contaduría Pública y Auditoría, es impartida con excelencia académica y recursos necesarios para alcanzar objetivos y fines, los cuales consisten en la formación de profesionales de alto nivel académico y con ello lograr el desarrollo integral del estudiante a través de la educación superior. El Ejercicio Profesional Supervisado (EPS), realizado en Papelería Marilyn en la etapa inicial se obtuvo conocimientos sobre los inconvenientes surgidos en los procedimientos contables, la segunda fase está contenida por las acciones requeridas para cada situación encontrada y en la última etapa se presentaron los resultados adquiridos de cada hallazgo. De la revisión de los registros de compras y ventas, se obtuvo como resultado que estaban desactualizados, para contrarrestar esta situación se actualizaron los registros de acuerdo al orden cronológico y físico de la documentación contable que respalda los movimientos comerciales. El siguiente punto débil en la contabilidad es la inexistencia de un marco de referencia contable y medidas de control interno que establezcan los procedimientos para el adecuado registro de las actividades mercantiles según sea el origen de las mismas, en este caso se elaboró un manual que contiene información básica y necesaria para la preparación del estado de resultados y estado de situación general, la idea central es que exista uniformidad y razonabilidad en el contenido de los mismos. |
| 650 |
_2LEMB _aCobán, Alta Verapaz _xcompras _xventas _xmanual contable _xplanilla |
||
| 700 |
_aLic. Miguel Alberto Klug Caal _eAsesor |
||
| 856 |
_uhttps://drive.google.com/file/d/1d44UtSk_pQMXz1TpM_ZGqU69qsi7DoiI/view?usp=sharing _yPDF _zUn ejemplar en línea. |
||
| 942 |
_2ddc _cTES _kClasificación _n0 |
||
| 999 |
_c1632 _d1632 |
||